[Event "Quebec-ch"]
[Site "Montreal CAN"]
[Date "1990.06.06"]
[Round "3"]
[White "Desforges, Jean"]
[Black "Hebert, Jean"]
[Result "0-1"]
[WhiteElo "2011"]
[BlackElo "2405"]
[PlyCount "118"]
[GameId "2160767912472913"]
[EventDate "1990.06.04"]
[EventType "tourn"]
[EventRounds "9"]
[EventCountry "CAN"]
[SourceTitle "EXT 90b"]

1. d4 g6 2. c4 Bg7 3. e4 d6 4. Nc3 e5 5. Nge2 Nc6 6. Be3 Nf6 7. f3 O-O 8. Qd2 a6 9. d5 Ne7 10. g3 c6 11. dxc6 bxc6 12. Rd1 Ne8 13. Bg2 Be6 14. b3 Qc8 15. O-O c5 16. Nd5 Nxd5 17. cxd5 Bd7 18. b4 cxb4 19. Qxb4 a5 20. Qb6 f5 21. Rc1 Qb8 22. Rb1 Qxb6 23. Rxb6 fxe4 24. fxe4 Rxf1+ 25. Kxf1 Rc8 26. Rb2 a4 27. Ke1 Bf6 28. Kd2 Bd8 29. Rc2 Ra8 30. Kc1 a3 31. Nc3 Nf6 32. h3 Nh5 33. g4 Nf4 34. Bf1 h5 35. gxh5 gxh5 36. Bxf4 exf4 37. Ne2 Bb6 38. Kb1 Bb5 39. Ng3 Ba4 40. Nxh5 Bxc2+ 41. Kxc2 f3 42. Ng3 Kf7 43. Bc4 Kf6 44. Nf1 Ke5 45. Nd2 Kf4 46. h4 Rh8 47. Kd3 Rxh4 48. Nf1 Rh1 49. Kc3 Rg1 50. Bd3 Rg2 51. Bc4 Kxe4 52. Bd3+ Kf4 53. Bc4 Rb2 54. Kd3 Ba5 55. Kd4 Be1 56. Kd3 Re2 57. Kd4 Rf2 58. Ne3 Rd2+ 59. Bd3 Bf2 0-1

[Event "Quebec-ch"]
[Site "Montreal CAN"]
[Date "1990.06.08"]
[Round "5"]
[White "Leveille, Francois"]
[Black "Hebert, Jean"]
[Result "1/2-1/2"]
[WhiteElo "2325"]
[BlackElo "2405"]
[PlyCount "89"]
[GameId "2160767912472925"]
[EventDate "1990.06.04"]
[EventType "tourn"]
[EventRounds "9"]
[EventCountry "CAN"]
[SourceTitle "EXT 90b"]

1. d4 Nf6 2. c4 e6 3. Nf3 b6 4. Nc3 Bb4 5. e3 Bb7 6. Bd3 O-O 7. O-O Re8 8. Bd2 d5 9. Nxd5 Nxd5 10. cxd5 Bxd2 11. Qxd2 Bxd5 12. e4 Bb7 13. Rad1 Nd7 14. Qf4 Rc8 15. e5 f5 16. Bc4 Bxf3 17. Qxf3 Kh8 18. Ba6 Rb8 19. Bb5 Re7 20. a4 a5 21. Qb3 Rc8 22. Bc6 Qg8 23. g3 Rd8 24. Qc4 Nb8 25. Bg2 Qe8 26. Rd3 Rdd7 27. Rfd1 h6 28. b4 axb4 29. Qxb4 Rd8 30. Qc4 Red7 31. Qb5 Qe7 32. R1d2 g6 33. a5 bxa5 34. Qxa5 c6 35. Qa4 c5 36. Qa3 cxd4 37. Qxe7 Rxe7 38. Rxd4 Rxd4 39. Rxd4 Kg7 40. f4 Nd7 41. Kf2 Nf8 42. Rb4 Kf7 43. Ke3 Ra7 44. Rb2 g5 45. Rb7+ 1/2-1/2

[Event "Quebec-ch"]
[Site "Montreal CAN"]
[Date "1990.06.11"]
[Round "6"]
[White "Ross, Dave"]
[Black "Hebert, Jean"]
[Result "0-1"]
[WhiteElo "2330"]
[BlackElo "2405"]
[PlyCount "82"]
[GameId "2160767912472928"]
[EventDate "1990.06.04"]
[EventType "tourn"]
[EventRounds "9"]
[EventCountry "CAN"]
[SourceTitle "EXT 90b"]

1. f4 d5 2. b3 d4 3. Bb2 c5 4. Nf3 Nc6 5. e3 dxe3 6. Bc4 Nf6 7. Qe2 Bf5 8. Ne5 e6 9. Nxc6 exd2+ 10. Nxd2 bxc6 11. O-O-O Bd6 12. g3 O-O 13. h3 Nd5 14. Rdf1 Re8 15. Ne4 Be7 16. g4 Bxe4 17. Qxe4 Bf6 18. g5 Bxb2+ 19. Kxb2 Qa5 20. Bd3 Qc3+ 21. Kb1 g6 22. h4 Rad8 23. a3 Qd2 24. Kb2 Qc3+ 25. Kb1 Rb8 26. Bc4 Ne3 27. Ka2 Nxf1 28. Rxf1 Red8 29. Rf3 Rd4 30. Qe2 Qd2 31. Qxd2 Rxd2 32. Bd3 c4 33. bxc4 c5 34. Re3 Rh2 35. Re5 Rc8 36. Kb3 Kf8 37. Ka4 Ke7 38. Re1 Rxh4 39. Rf1 Rb8 40. Ka5 Rb6 41. a4 Rb4 0-1

[Event "Quebec-ch"]
[Site "Montreal CAN"]
[Date "1990.06.12"]
[Round "7"]
[White "Hebert, Jean"]
[Black "Spraggett, Grant"]
[Result "1/2-1/2"]
[WhiteElo "2405"]
[BlackElo "2275"]
[PlyCount "49"]
[GameId "2160767912472934"]
[EventDate "1990.06.04"]
[EventType "tourn"]
[EventRounds "9"]
[EventCountry "CAN"]
[SourceTitle "EXT 90b"]

1. d4 Nf6 2. c4 g6 3. Nc3 d5 4. cxd5 Nxd5 5. e4 Nxc3 6. bxc3 Bg7 7. Nf3 c5 8. Rb1 O-O 9. Be2 Nc6 10. d5 Ne5 11. Nxe5 Bxe5 12. Qd2 b6 13. O-O e6 14. f4 Bg7 15. c4 Bd4+ 16. Kh1 e5 17. f5 gxf5 18. exf5 f6 19. Rb3 Kh8 20. Rh3 Rf7 21. Bh5 Rg7 22. Bg6 Rxg6 23. Rxh7+ Kxh7 24. fxg6+ Kg8 25. Qh6 1/2-1/2

[Event "Quebec-ch"]
[Site "Montreal CAN"]
[Date "1990.06.13"]
[Round "8"]
[White "Lagasse, Pascal"]
[Black "Hebert, Jean"]
[Result "0-1"]
[WhiteElo "2062"]
[BlackElo "2405"]
[PlyCount "64"]
[GameId "2160767912472938"]
[EventDate "1990.06.04"]
[EventType "tourn"]
[EventRounds "9"]
[EventCountry "CAN"]
[SourceTitle "EXT 90b"]

1. e4 e6 2. d4 d5 3. Nd2 Nf6 4. e5 Nfd7 5. Bd3 c5 6. c3 b6 7. Qe2 cxd4 8. cxd4 Nc6 9. Ndf3 Nb4 10. Bb5 Qc7 11. Kd1 a6 12. Ba4 b5 13. Bb3 Nb6 14. a3 Nc6 15. Be3 Be7 16. Nh3 Nc4 17. Nf4 Bd7 18. h4 O-O-O 19. Rh3 f6 20. Nd3 Rhf8 21. a4 Nb4 22. Nfe1 fxe5 23. dxe5 h6 24. Nxb4 Bxb4 25. Nd3 d4 26. Bxh6 Be7 27. Bg5 Bc6 28. Qg4 Bd5 29. Rc1 Kb8 30. Ke2 Bxg5 31. Qxg5 Rf5 32. Nc5 Qxe5+ 0-1

[Event "Quebec-ch"]
[Site "Montreal CAN"]
[Date "1990.06.15"]
[Round "9"]
[White "Hebert, Jean"]
[Black "St Amand, Paul Jr"]
[Result "1-0"]
[WhiteElo "2405"]
[BlackElo "2180"]
[PlyCount "69"]
[GameId "2160767912472943"]
[EventDate "1990.06.04"]
[EventType "tourn"]
[EventRounds "9"]
[EventCountry "CAN"]
[SourceTitle "EXT 90b"]

1. d4 Nf6 2. c4 c5 3. d5 e6 4. Nc3 exd5 5. cxd5 d6 6. Nf3 g6 7. Nd2 Nbd7 8. e4 a6 9. a4 Bg7 10. Be2 O-O 11. O-O Re8 12. f4 Rb8 13. Kh1 Qc7 14. Qc2 Nb6 15. a5 Na8 16. e5 dxe5 17. fxe5 Qxe5 18. Nc4 Bf5 19. Qb3 Qe7 20. Bf4 Rbd8 21. d6 Qd7 22. Ne5 Be6 23. Nxd7 Bxb3 24. Nxc5 Bd5 25. Rad1 Bc6 26. Bc4 Nd7 27. Nxd7 Rxd7 28. Nd5 Kf8 29. Ne7 Bb5 30. Bxb5 axb5 31. b4 f5 32. g4 Bf6 33. gxf5 Bxe7 34. dxe7+ Kxe7 35. Bg5+ 1-0

[Event "Laurentides op"]
[Site "Sainte-Therese CAN"]
[Date "1990.05.05"]
[Round "1"]
[White "Sauve, Richard"]
[Black "Hebert, Jean"]
[Result "0-1"]
[WhiteElo "2001"]
[BlackElo "2477"]
[PlyCount "74"]
[GameId "2160767912472988"]
[EventDate "1990.05.06"]
[EventType "swiss"]
[EventRounds "4"]
[EventCountry "CAN"]

1. Nf3 Nf6 2. g3 g6 3. Bg2 Bg7 4. O-O O-O 5. d3 c5 6. e4 Nc6 7. Nbd2 Rb8 8. a4 b6 9. Re1 d5 10. exd5 Nxd5 11. Nc4 Bb7 12. Nfe5 Nxe5 13. Nxe5 f6 14. Ng4 e5 15. Bh6 Qd7 16. Bxg7 Kxg7 17. Ne3 Nb4 18. h4 h5 19. Bxb7 Qxb7 20. Re2 Rbd8 21. Kh2 Rf7 22. Qh1 Nc6 23. Rd2 f5 24. f4 exf4 25. gxf4 Qe7 26. Ng2 Nd4 27. Qf1 Qb7 28. Kg3 Qc6 29. b3 Re7 30. Re1 Rde8 31. Rxe7+ Rxe7 32. Qf2 Qe8 33. Kh3 Re6 34. Kg3 Kf7 35. Kh3 Re2 36. Rxe2 Qxe2 37. Qe1 Qg4+ 0-1

[Event "Laurentides op"]
[Site "Sainte-Therese CAN"]
[Date "1990.05.05"]
[Round "2"]
[White "Hebert, Jean"]
[Black "Morin, Louis"]
[Result "1-0"]
[WhiteElo "2477"]
[BlackElo "1986"]
[PlyCount "71"]
[GameId "2160767912472989"]
[EventDate "1990.05.06"]
[EventType "swiss"]
[EventRounds "4"]
[EventCountry "CAN"]

1. d4 d5 2. c4 e6 3. Nc3 c5 4. cxd5 exd5 5. Nf3 Nc6 6. Bg5 Be7 7. Bxe7 Ngxe7 8. dxc5 d4 9. Ne4 O-O 10. g3 Qd5 11. Ned2 Qxc5 12. Bg2 Be6 13. O-O Rfd8 14. Ne1 Qh5 15. Nd3 Nd5 16. a3 Bh3 17. e4 Qxd1 18. Rfxd1 Bxg2 19. Kxg2 Nf6 20. Rac1 Rac8 21. b4 Kf8 22. f3 Nd7 23. f4 b5 24. Nc5 Nb6 25. Kf2 a5 26. Nb7 Rd7 27. Nxa5 Nxa5 28. Rxc8+ Nxc8 29. bxa5 Rc7 30. Nb3 Rc2+ 31. Kg1 Rc3 32. Nxd4 Na7 33. Nf5 Nc6 34. Rd7 Ke8 35. Rb7 Nxa5 36. Nd6+ 1-0

[Event "Laurentides op"]
[Site "Sainte-Therese CAN"]
[Date "1990.05.06"]
[Round "3"]
[White "Desforges, Jean"]
[Black "Hebert, Jean"]
[Result "1/2-1/2"]
[WhiteElo "2059"]
[BlackElo "2477"]
[PlyCount "114"]
[GameId "2160767912472990"]
[EventDate "1990.05.06"]
[EventType "swiss"]
[EventRounds "4"]
[EventCountry "CAN"]

1. d4 Nf6 2. c4 e6 3. Nf3 b6 4. g3 Ba6 5. b3 c6 6. Bg2 Bb4+ 7. Bd2 Be7 8. O-O d5 9. cxd5 cxd5 10. Ne5 Nfd7 11. f4 f5 12. Bc1 Nxe5 13. fxe5 Nc6 14. Kh1 Rc8 15. Ba3 O-O 16. Rf2 Rc7 17. e3 Qd7 18. g4 Bxa3 19. Nxa3 Qe7 20. Nc2 Qh4 21. Qe1 Qxg4 22. Nb4 Nxb4 23. Qxb4 Rfc8 24. Qa3 Bd3 25. Rg1 Qh4 26. Rf4 Qe7 27. Qxe7 Rxe7 28. Rd1 Rc3 29. Kg1 Rec7 30. Rf2 Ba6 31. Re1 Rc1 32. Rxc1 Rxc1+ 33. Bf1 Ra1 34. Kg2 Bxf1+ 35. Rxf1 Rxa2+ 36. Kg3 Rc2 37. Ra1 a5 38. Kf4 Rf2+ 39. Kg3 Rb2 40. Rc1 Rxb3 41. Rc8+ Kf7 42. Rc7+ Kg6 43. Kf4 a4 44. Re7 a3 45. Rxe6+ Kf7 46. Rc6 a2 47. Rc7+ Ke6 48. Ra7 Rb2 49. h4 g6 50. Ra8 h6 51. Ra6 Kd7 52. Ra7+ Ke6 53. Ra6 Rg2 54. Rxb6+ Kd7 55. Ra6 Rg4+ 56. Kf3 Rxh4 57. Rxa2 Rh3+ 1/2-1/2

[Event "Laurentides op"]
[Site "Sainte-Therese CAN"]
[Date "1990.05.06"]
[Round "4"]
[White "Hebert, Jean"]
[Black "Spraggett, Grant"]
[Result "1-0"]
[WhiteElo "2477"]
[BlackElo "2314"]
[PlyCount "75"]
[GameId "2160767912472992"]
[EventDate "1990.05.06"]
[EventType "swiss"]
[EventRounds "4"]
[EventCountry "CAN"]

1. d4 Nf6 2. c4 g6 3. Nc3 d5 4. cxd5 Nxd5 5. e4 Nxc3 6. bxc3 Bg7 7. Bb5+ c6 8. Ba4 O-O 9. Ne2 c5 10. O-O cxd4 11. cxd4 Nc6 12. Be3 Qa5 13. Rc1 Rd8 14. d5 Ne5 15. Bc5 Bd7 16. Bb3 e6 17. Be7 Re8 18. d6 Nc6 19. Bh4 Qb6 20. Rb1 Qc5 21. Rc1 Qe5 22. f3 Rac8 23. Bg3 Qa5 24. Bf2 Nb4 25. Qd2 Qa3 26. Rc7 Rcd8 27. Bc5 a5 28. Rxb7 Bc8 29. Ra7 Rd7 30. Ra8 Red8 31. Rd1 Bb7 32. Rxd8+ Rxd8 33. d7 Bc6 34. Qg5 f6 35. Bxe6+ Kh8 36. Qd2 Ba4 37. Rc1 Bb5 38. Bb6 1-0

[Event "Toronto1"]
[Site "Toronto CAN"]
[Date "1990.??.??"]
[Round "1"]
[White "Tukmakov, Vladimir"]
[Black "Hebert, Jean"]
[Result "1/2-1/2"]
[WhiteElo "2570"]
[BlackElo "2405"]
[PlyCount "65"]
[GameId "2160767912481282"]
[EventDate "1990.04.??"]
[EventType "tourn"]
[EventRounds "11"]
[EventCountry "CAN"]
[EventCategory "9"]
[SourceTitle "CBM 020"]
[Source "ChessBase"]
[SourceDate "2004.01.01"]
[SourceVersion "1"]
[SourceVersionDate "2004.01.01"]
[SourceQuality "1"]

1. d4 Nf6 2. c4 e6 3. g3 Bb4+ 4. Bd2 c5 5. Bg2 O-O 6. Nf3 Nc6 7. O-O Qb6 8. dxc5 Bxc5 9. Nc3 Be7 10. a3 d5 11. Be3 Qa6 12. cxd5 Rd8 13. Nd4 exd5 14. Rc1 Bg4 15. h3 Be6 16. Qa4 Qxa4 17. Nxa4 Nxd4 18. Bxd4 b6 19. Nc3 Rac8 20. Nb5 Rc4 21. e3 a5 22. Na7 Bc5 23. Nc6 Rxc1 24. Rxc1 Rc8 25. Na7 Ra8 26. Nb5 Bxd4 27. Nxd4 Rc8 28. Rxc8+ Bxc8 29. Nb5 h5 30. Nc3 Kf8 31. h4 Be6 32. Kf1 Ke7 33. Ke2 1/2-1/2

[Event "Toronto1"]
[Site "Toronto CAN"]
[Date "1990.??.??"]
[Round "2"]
[White "Nickoloff, Bryon"]
[Black "Hebert, Jean"]
[Result "1-0"]
[WhiteElo "2435"]
[BlackElo "2405"]
[PlyCount "55"]
[GameId "2160767739985454"]
[EventDate "1990.04.??"]
[EventType "tourn"]
[EventRounds "11"]
[EventCountry "CAN"]
[EventCategory "9"]
[SourceTitle "CBM 020"]
[Source "ChessBase"]
[SourceDate "2004.01.01"]
[SourceVersion "1"]
[SourceVersionDate "2004.01.01"]
[SourceQuality "1"]

1. d4 d5 2. c4 dxc4 3. e3 e5 4. Bxc4 exd4 5. exd4 Nf6 6. Nf3 Be7 7. Nc3 O-O 8. O-O Nbd7 9. Re1 Nb6 10. Bb3 c6 11. Bg5 Bf5 12. Nh4 Bg4 13. Bxf6 Bxf6 14. Qxg4 Bxh4 15. Rad1 Bf6 16. Ne4 Be7 17. Nc5 Bd6 18. Re3 Qc7 19. Ne4 Be7 20. Rh3 Rad8 21. Rdd3 g6 22. Rh6 Qd7 23. Qf4 Nd5 24. Bxd5 Qxd5 25. Rxh7 g5 26. Nf6+ Bxf6 27. Qxf6 Kxh7 28. Rh3+ {Ftacnik,L} 1-0

[Event "Toronto1"]
[Site "Toronto CAN"]
[Date "1990.??.??"]
[Round "3"]
[White "Hebert, Jean"]
[Black "Marovic, Drazen"]
[Result "1-0"]
[WhiteElo "2405"]
[BlackElo "2470"]
[PlyCount "77"]
[GameId "2160767912481290"]
[EventDate "1990.04.??"]
[EventType "tourn"]
[EventRounds "11"]
[EventCountry "CAN"]
[EventCategory "9"]
[SourceTitle "CBM 020"]
[Source "ChessBase"]
[SourceDate "2004.01.01"]
[SourceVersion "1"]
[SourceVersionDate "2004.01.01"]
[SourceQuality "1"]

1. c4 Nf6 2. Nc3 g6 3. g3 Bg7 4. Bg2 O-O 5. d3 d6 6. Rb1 a5 7. e4 c5 8. Nge2 Nc6 9. O-O Ne8 10. f4 f5 11. Be3 Nd4 12. Bf2 fxe4 13. Bxd4 exd3 14. Bxg7 dxe2 15. Qxe2 Nxg7 16. Rfe1 e6 17. Rbd1 Ra6 18. Be4 Qe7 19. Rd2 Nf5 20. Nb5 Rb6 21. Red1 Bd7 22. Bxf5 gxf5 23. Nxd6 Qf6 24. b3 a4 25. Nxb7 Rxb7 26. Rxd7 Rxd7 27. Rxd7 axb3 28. axb3 Rf7 29. Rd6 Re7 30. Kg2 Kf7 31. Rc6 Rb7 32. Qf3 Qe7 33. Kh3 Rd7 34. Qh5+ Kg7 35. Qe2 Kf7 36. Qe5 Qf6 37. Qxf6+ Kxf6 38. Rxc5 Rd2 39. b4 1-0

[Event "Toronto1"]
[Site "Toronto CAN"]
[Date "1990.??.??"]
[Round "5"]
[White "Hebert, Jean"]
[Black "Kozul, Zdenko"]
[Result "0-1"]
[WhiteElo "2405"]
[BlackElo "2575"]
[PlyCount "104"]
[GameId "2160767739985456"]
[EventDate "1990.04.??"]
[EventType "tourn"]
[EventRounds "11"]
[EventCountry "CAN"]
[EventCategory "9"]
[SourceTitle "CBM 020"]
[Source "ChessBase"]
[SourceDate "2004.01.01"]
[SourceVersion "1"]
[SourceVersionDate "2004.01.01"]
[SourceQuality "1"]

1. d4 Nf6 2. c4 g6 3. Nc3 d5 4. cxd5 Nxd5 5. e4 Nxc3 6. bxc3 Bg7 7. Nf3 c5 8. Rb1 O-O 9. Be2 cxd4 10. cxd4 Qa5+ 11. Bd2 Qxa2 12. O-O a5 13. Bg5 a4 14. Bb5 Bd7 15. Bxd7 Nxd7 16. Rxb7 Qe6 17. d5 Qxe4 18. Rxd7 a3 19. Rxe7 Qb4 20. Ree1 a2 21. Be7 Qb5 22. Qd2 Rfc8 23. d6 a1=Q 24. Rxa1 Rxa1 25. Rxa1 Bxa1 26. h3 Qd7 27. Qf4 Qe6 28. Qd2 Bc3 29. Qf4 Bg7 30. Kh2 Ra8 31. Qb4 Qd5 32. Qg4 Bf8 33. Qh4 Re8 34. Ng5 h6 35. Ne4 Qe5+ 36. g3 Bxe7 37. dxe7 Rxe7 38. Nf6+ Kg7 39. Ng4 Qg5 40. Qxg5 hxg5 41. Ne3 Ra7 42. Kg2 f5 43. Kf3 Kf6 44. Kg2 Ke5 45. Kf3 Ra3 46. Kg2 Rc3 47. Nf1 Rd3 48. Nh2 Ke4 49. Nf1 f4 50. g4 f3+ 51. Kg3 Rd1 52. Ne3 Re1 {Ftacnik, L} 0-1

[Event "Toronto1"]
[Site "Toronto CAN"]
[Date "1990.??.??"]
[Round "6"]
[White "Benjamin, Joel"]
[Black "Hebert, Jean"]
[Result "1/2-1/2"]
[WhiteElo "2530"]
[BlackElo "2405"]
[PlyCount "114"]
[GameId "2160767912481306"]
[EventDate "1990.04.??"]
[EventType "tourn"]
[EventRounds "11"]
[EventCountry "CAN"]
[EventCategory "9"]
[SourceTitle "CBM 020"]
[Source "ChessBase"]
[SourceDate "2004.01.01"]
[SourceVersion "1"]
[SourceVersionDate "2004.01.01"]
[SourceQuality "1"]

1. e4 c5 2. Nf3 Nc6 3. d4 cxd4 4. Nxd4 e5 5. Nb5 d6 6. c4 Be7 7. N1c3 a6 8. Na3 Be6 9. Nd5 Rc8 10. Be3 Bg5 11. Bb6 Qd7 12. Nc2 Bd8 13. Be3 Nf6 14. Bd3 Ba5+ 15. Bd2 Bxd5 16. cxd5 Bxd2+ 17. Qxd2 Ne7 18. O-O O-O 19. a4 Ng6 20. f3 Nf4 21. Ne3 Qc7 22. Rf2 Nxd3 23. Qxd3 g6 24. a5 Qc5 25. Qb3 Qa7 26. Nc4 Qc5 27. Nb6 Rc7 28. Qa3 Rd8 29. Qxc5 Rxc5 30. b4 Rc7 31. Rff1 Ne8 32. Rac1 f6 33. Kf2 Kf7 34. Ke3 Ke7 35. g3 Rb8 36. f4 Rxc1 37. Rxc1 Kd8 38. Rf1 Ke7 39. Rc1 Kd8 40. g4 Ke7 41. h4 Rd8 42. g5 exf4+ 43. Kxf4 Kf7 44. Ke3 Kg7 45. Kd4 h5 46. gxf6+ Kxf6 47. Rf1+ Ke7 48. Rg1 Kf6 49. Nc4 Nc7 50. Ke3 Nb5 51. Kf4 Kg7 52. Ke3 Rc8 53. Kd3 Rf8 54. e5 Rf4 55. Nxd6 Rd4+ 56. Ke3 Rxd5 57. Nxb7 Rxe5+ 1/2-1/2

[Event "Toronto1"]
[Site "Toronto CAN"]
[Date "1990.??.??"]
[Round "7"]
[White "Hebert, Jean"]
[Black "Vaganian, Rafael"]
[Result "1/2-1/2"]
[WhiteElo "2405"]
[BlackElo "2605"]
[PlyCount "123"]
[GameId "2160767912481312"]
[EventDate "1990.04.??"]
[EventType "tourn"]
[EventRounds "11"]
[EventCountry "CAN"]
[EventCategory "9"]
[SourceTitle "CBM 020"]
[Source "ChessBase"]
[SourceDate "2004.01.01"]
[SourceVersion "1"]
[SourceVersionDate "2004.01.01"]
[SourceQuality "1"]

1. d4 Nf6 2. c4 e6 3. Nc3 Bb4 4. e3 c5 5. Nge2 cxd4 6. exd4 O-O 7. a3 Be7 8. g3 d5 9. cxd5 Nxd5 10. Bg2 Nc6 11. O-O Nxc3 12. bxc3 Na5 13. Rb1 Bd7 14. c4 Nxc4 15. Rxb7 Na5 16. Rb1 Rb8 17. Rxb8 Qxb8 18. d5 e5 19. f4 Re8 20. Kh1 Bf6 21. f5 Rc8 22. Qe1 Nb3 23. Be3 Nd4 24. Nxd4 exd4 25. Bf4 Qb3 26. Qa5 Qa4 27. Qxa4 Bxa4 28. d6 h6 29. Be4 Re8 30. Bd3 Rc8 31. Rb1 a5 32. Kg1 Bg5 33. Bxg5 hxg5 34. Bb5 Rb8 35. d7 Bxb5 36. Rxb5 Rd8 37. Rd5 Kf8 38. Kf2 Ke7 39. Ke2 Rxd7 40. Rxd7+ Kxd7 41. Kd3 Kc6 42. Kxd4 g4 43. Kc4 Kb6 44. Kd5 Kb5 45. Kd6 Ka4 46. Ke7 Kxa3 47. Kxf7 a4 48. Kxg7 Kb3 49. f6 a3 50. f7 a2 51. f8=Q a1=Q+ 52. Qf6 Qd1 53. Qe6+ Kb4 54. Qb6+ Kc4 55. Qf2 Kd3 56. Kg6 Qf3 57. Qb2 Qd5 58. Qf2 Qf3 59. Qa2 Qe4+ 60. Kg5 Qe5+ 61. Kxg4 Qe4+ 62. Kg5 1/2-1/2

[Event "Toronto1"]
[Site "Toronto CAN"]
[Date "1990.??.??"]
[Round "8"]
[White "Piasetski, Leon"]
[Black "Hebert, Jean"]
[Result "1-0"]
[WhiteElo "2415"]
[BlackElo "2405"]
[PlyCount "69"]
[GameId "2160767912481319"]
[EventDate "1990.04.??"]
[EventType "tourn"]
[EventRounds "11"]
[EventCountry "CAN"]
[EventCategory "9"]
[SourceTitle "CBM 020"]
[Source "ChessBase"]
[SourceDate "2004.01.01"]
[SourceVersion "1"]
[SourceVersionDate "2004.01.01"]
[SourceQuality "1"]

1. c4 e5 2. Nc3 f5 3. d4 d6 4. dxe5 dxe5 5. Qxd8+ Kxd8 6. Nf3 e4 7. Nd4 Na6 8. Bf4 c6 9. O-O-O Ke8 10. g4 fxg4 11. Nxe4 Nc5 12. Bg2 Nxe4 13. Bxe4 Nf6 14. Bg2 Bd7 15. Rd3 Rc8 16. Rhd1 Kf7 17. e4 c5 18. Nb5 Be6 19. b3 Nh5 20. Be3 a6 21. Nd6+ Bxd6 22. Rxd6 b5 23. cxb5 axb5 24. e5 Rc7 25. Rb6 c4 26. b4 h6 27. Rdd6 Bf5 28. Bd5+ Ke7 29. Rxb5 c3 30. a4 Rhc8 31. a5 c2 32. a6 g6 33. Rb7 Rxb7 34. axb7 Rb8 35. Bxh6 1-0

[Event "Toronto1"]
[Site "Toronto CAN"]
[Date "1990.??.??"]
[Round "9"]
[White "Hebert, Jean"]
[Black "O'Donnell, Tom"]
[Result "1/2-1/2"]
[WhiteElo "2405"]
[BlackElo "2410"]
[PlyCount "83"]
[GameId "2160767912481322"]
[EventDate "1990.04.??"]
[EventType "tourn"]
[EventRounds "11"]
[EventCountry "CAN"]
[EventCategory "9"]
[SourceTitle "CBM 020"]
[Source "ChessBase"]
[SourceDate "2004.01.01"]
[SourceVersion "1"]
[SourceVersionDate "2004.01.01"]
[SourceQuality "1"]

1. d4 d5 2. c4 e6 3. Nf3 c6 4. e3 Nf6 5. Nbd2 Nbd7 6. Bd3 Bd6 7. O-O O-O 8. e4 dxe4 9. Nxe4 Nxe4 10. Bxe4 c5 11. b3 cxd4 12. Qxd4 Be7 13. Bc2 Bf6 14. Qe4 g6 15. Rb1 Bg7 16. Rd1 Re8 17. b4 Qc7 18. Bb3 Nf8 19. c5 e5 20. g4 Be6 21. Bb2 Bxb3 22. axb3 Ne6 23. Bxe5 Nxc5 24. bxc5 Bxe5 25. Qc4 Re7 26. Re1 Rae8 27. Kg2 Qc6 28. h3 a6 29. Rbd1 Bf6 30. Rd6 Qc7 31. Rxe7 Bxe7 32. Rd5 Bf6 33. g5 Bg7 34. Qd3 Qc6 35. b4 Qe6 36. Rd7 Qc6 37. Qd6 Qxd6 38. cxd6 b5 39. Ra7 Bc3 40. Rxa6 Rd8 41. Rb6 Bxb4 42. Rxb5 1/2-1/2

[Event "Toronto1"]
[Site "Toronto CAN"]
[Date "1990.??.??"]
[Round "10"]
[White "Vranesic, Zvonko"]
[Black "Hebert, Jean"]
[Result "1/2-1/2"]
[WhiteElo "2335"]
[BlackElo "2405"]
[PlyCount "82"]
[GameId "2160767912481331"]
[EventDate "1990.04.??"]
[EventType "tourn"]
[EventRounds "11"]
[EventCountry "CAN"]
[EventCategory "9"]
[SourceTitle "CBM 020"]
[Source "ChessBase"]
[SourceDate "2004.01.01"]
[SourceVersion "1"]
[SourceVersionDate "2004.01.01"]
[SourceQuality "1"]

1. c4 Nf6 2. Nc3 c5 3. Nf3 Nc6 4. d4 cxd4 5. Nxd4 e5 6. Ndb5 d6 7. e4 a6 8. Na3 Be6 9. Be2 Be7 10. Be3 O-O 11. O-O Rc8 12. f3 Ne8 13. Qd2 f5 14. exf5 Rxf5 15. Nd5 Bg5 16. f4 exf4 17. Nxf4 Bd7 18. Bd3 Re5 19. Rae1 Nf6 20. Bb1 Qe7 21. Nd5 Nxd5 22. Bxg5 Qxg5 23. Qxg5 Rxg5 24. cxd5 Ne5 25. Be4 h5 26. Rc1 Rc5 27. b4 Rxc1 28. Rxc1 Rg4 29. Re1 h4 30. Nb1 Bb5 31. Nd2 Rf4 32. a3 Bc4 33. g3 hxg3 34. hxg3 Rf8 35. Kg2 b5 36. Rc1 Ra8 37. Rc3 Rc8 38. Kf2 Ng4+ 39. Kg1 Ne5 40. Kf2 Ng4+ 41. Kg1 Ne5 1/2-1/2

[Event "Toronto1"]
[Site "Toronto CAN"]
[Date "1990.??.??"]
[Round "11"]
[White "Hebert, Jean"]
[Black "Kovacevic, Vlatko"]
[Result "1/2-1/2"]
[WhiteElo "2405"]
[BlackElo "2540"]
[PlyCount "47"]
[GameId "2160767912481333"]
[EventDate "1990.04.??"]
[EventType "tourn"]
[EventRounds "11"]
[EventCountry "CAN"]
[EventCategory "9"]
[SourceTitle "CBM 020"]
[Source "ChessBase"]
[SourceDate "2004.01.01"]
[SourceVersion "1"]
[SourceVersionDate "2004.01.01"]
[SourceQuality "1"]

1. c4 e6 2. Nc3 Nf6 3. d4 Bb4 4. e3 d5 5. Nge2 dxc4 6. a3 Be7 7. Nf4 Nc6 8. Bxc4 e5 9. Nfe2 exd4 10. exd4 O-O 11. O-O Bf5 12. f3 Re8 13. g4 Bg6 14. h4 h5 15. Nf4 Kh7 16. g5 Nd7 17. d5 Nd4 18. Bd3 Bc5 19. Kg2 Ne5 20. Nxg6 fxg6 21. Be4 Nf5 22. Bxf5 gxf5 23. Qc2 g6 24. Bf4 1/2-1/2

[Event "Carnaval"]
[Site "Quebec CAN"]
[Date "1990.02.02"]
[Round "1"]
[White "Pepin, Christian"]
[Black "Hebert, Jean"]
[Result "0-1"]
[WhiteElo "1829"]
[BlackElo "2443"]
[PlyCount "94"]
[GameId "2160767912481450"]
[EventDate "1990.02.02"]
[EventType "swiss"]
[EventRounds "5"]
[EventCountry "CAN"]

1. e4 e6 2. d4 d5 3. exd5 exd5 4. Bd3 Bd6 5. Nf3 Ne7 6. Bg5 Nbc6 7. c3 h6 8. Bh4 Bg4 9. Nbd2 Qd7 10. Bg3 O-O 11. Bxd6 Qxd6 12. O-O f5 13. Qc2 Ng6 14. h3 Bh5 15. Rae1 Nf4 16. Re3 Qg6 17. Ne1 Rae8 18. Rxe8 Qxe8 19. Ndf3 Qe6 20. Kh2 a6 21. Qd2 g5 22. Qe3 Qd6 23. g3 Re8 24. Qd2 Nxd3 25. Qxd3 f4 26. Ng2 Bg6 27. Qd2 Be4 28. Nfe1 Ne7 29. Nd3 Ng6 30. gxf4 Bxd3 31. Qxd3 Nxf4 32. Qg3 Re4 33. Nxf4 Rxf4 34. f3 Kf7 35. Re1 Rxf3 36. Qxd6 cxd6 37. Kg2 Rd3 38. Re2 h5 39. Kh2 h4 40. Rf2+ Ke6 41. Kg2 a5 42. a3 a4 43. Kh2 Re3 44. Kg2 Kd7 45. Kh2 Rg3 46. Rf1 Kc6 47. Rb1 Rd3 0-1

[Event "Carnaval"]
[Site "Quebec CAN"]
[Date "1990.02.03"]
[Round "3"]
[White "Hebert, Jean"]
[Black "Pouliot, Louis"]
[Result "1-0"]
[WhiteElo "2443"]
[BlackElo "1351"]
[PlyCount "57"]
[GameId "2160767912481453"]
[EventDate "1990.02.02"]
[EventType "swiss"]
[EventRounds "5"]
[EventCountry "CAN"]

1. d4 Nf6 2. c4 e6 3. Nf3 c5 4. d5 exd5 5. cxd5 d6 6. Nc3 g6 7. Nd2 Bg7 8. Nc4 O-O 9. Bg5 h6 10. Bh4 g5 11. Bg3 Ne8 12. e4 Qe7 13. Be2 Nd7 14. h4 Ne5 15. Bxe5 Bxe5 16. hxg5 hxg5 17. Nxe5 Qxe5 18. Qd2 Nf6 19. O-O-O Bd7 20. g3 Nxe4 21. Nxe4 Qxe4 22. Bd3 Qe5 23. Rh5 f5 24. Qxg5+ Qg7 25. Qh4 Qf6 26. Rg5+ Kf7 27. Qh7+ Ke8 28. Rg7 Ba4 29. Re1+ 1-0